Managerial Economics / (Record no. 39752)

MARC details
000 -LEADER
fixed length control field 00671nam a22001937a 4500
005 - DATE AND TIME OF LATEST TRANSACTION
control field 20100806135532.0
010 ## - LCCN (DPL NO)
LC control number ENG-98561
020 ## - INTERNATIONAL STANDARD BOOK NUMBER
International Standard Book Number 9788190759861
Terms of availability 100.00
035 ## - SYSTEM CONTROL NUMBER
System control number EN-82094
037 ## - SOURCE OF ACQUISITION
Source of stock number/acquisition DBAD/PUB
082 ## - DEWEY DECIMAL CLASSIFICATION NUMBER
Classification number 658.15
100 ## - MAIN ENTRY--PERSONAL NAME
Personal name Sumathi,M S
245 ## - TITLE STATEMENT
Title Managerial Economics /
Statement of responsibility, etc by M S Sumathi
260 ## - PUBLICATION, DISTRIBUTION, ETC. (IMPRINT)
Place of publication, distribution, etc Chennai
Name of publisher, distributor, etc Third Eye Publications
Date of publication, distribution, etc 2008
270 ## - ADDRESS
Address 257,Second Main Road Nehru Nagar Perungudi
City Chennai
Postal code 5
300 ## - PHYSICAL DESCRIPTION
Extent 141p
Dimensions 19cm(pbk)
942 ## - ADDED ENTRY ELEMENTS (KOHA)
Source of classification or shelving scheme Dewey Decimal Classification
Item type English Books
Classification part 658.15
Call number suffix SUM
Holdings
Withdrawn status Lost status Not for loan Collection code Home library Current library Date acquired Source of acquisition Cost, normal purchase price Full call number Barcode Copy number Cost, replacement price Koha item type
    Not For Loan Non-fiction D.B.Act.Division D.B.Act.Division 06/08/2010 DBAD/PUB 100.00 658.15 SUM EN-82094 1 100.00 English Books

© Delhi Public Library
Hit Counter
free hit counter